Trên đường sự nghiệp Tiểu thuyết
v.v..
Đã lưu trong:
| Tác giả chính: | |
|---|---|
| Định dạng: | Sách |
| Năm xuất bản: |
H.
Hội nhà văn
1997
|
| Chủ đề: | |
| Tags: |
Thêm thẻ
Không có thẻ, Hãy là người đầu tiên gắn thẻ bản ghi này!
|
| LEADER | 01271nam a2200217 4500 | ||
|---|---|---|---|
| 082 | |a 895.922332 |b NG527C | ||
| 100 | |a Nguyễn Công Hoan | ||
| 245 | |a Trên đường sự nghiệp |c Nguyễn Công Hoan |b Tiểu thuyết | ||
| 260 | |a H. |b Hội nhà văn |c 1997 | ||
| 300 | |a 326 tr. |c 19 cm. | ||
| 520 | |a v.v.. | ||
| 653 | |a Văn học cận đại | ||
| 653 | |a Việt Nam | ||
| 653 | |a Tiểu thuyết | ||
| 942 | |2 ddc |c STK0 | ||
| 999 | |c 4775 |d 4775 | ||
| 952 | |0 0 |1 0 |2 ddc |4 0 |6 895_922332000000000_NG527C |7 0 |8 800 |9 45011 |a qbu |b qbu |c D5 |d 2014-12-20 |g 27000 |o 895.922332 NG527C |p 772.c1 |r 0000-00-00 |w 2014-12-20 |y STK0 | ||
| 952 | |0 0 |1 0 |2 ddc |4 0 |6 895_922332000000000_NG527C |7 0 |8 800 |9 45013 |a qbu |b qbu |c D5 |d 2014-12-20 |g 27000 |o 895.922332 NG527C |p 772.c2 |r 0000-00-00 |w 2014-12-20 |y STK0 | ||
| 952 | |0 0 |1 0 |2 ddc |4 0 |6 895_922332000000000_NG527C |7 0 |8 800 |9 45015 |a qbu |b qbu |c D5 |d 2014-12-20 |g 27000 |l 1 |o 895.922332 NG527C |p 772.c3 |r 2018-09-24 |s 2018-09-13 |w 2014-12-20 |y STK0 | ||
| 952 | |0 0 |1 0 |2 ddc |4 0 |6 895_922332000000000_NG527C |7 0 |8 800 |9 45016 |a qbu |b qbu |c D5 |d 2014-12-20 |g 27000 |l 1 |o 895.922332 NG527C |p 772.c4 |r 2015-05-28 |s 2015-04-23 |w 2014-12-20 |y STK0 | ||
| 952 | |0 0 |1 0 |2 ddc |4 0 |6 895_922332000000000_NG527C |7 0 |8 800 |9 45017 |a qbu |b qbu |c D5 |d 2014-12-20 |g 27000 |o 895.922332 NG527C |p 772.c5 |r 0000-00-00 |w 2014-12-20 |y STK0 | ||